| 000 | 00963nam a22002417a 4500 | ||
|---|---|---|---|
| 005 | 20240530110403.0 | ||
| 008 | 150126s2011 ua po f b 000 0 ara d | ||
| 040 | _aEG-CaGPL | ||
| 041 | 0 | _aara | |
| 082 | 0 | 4 |
_221 _a932.011 _bق/م د |
| 100 | 0 | _aمحمد بيومى مهران | |
| 245 | 1 | 0 |
_aدراسات فى عصور ما قبل التاريخ / _cمحمد بيومى مهران |
| 260 |
_aالاسكندرية : _bدار المعرفة الجامعية ؛ _c2011 |
||
| 300 |
_a352 ص : _bايض ؛ _c24 سم |
||
| 504 | _aببليوجرافية : ص 339 : 348 | ||
| 650 | 0 | 4 | _aالاثار الفرعونية |
| 651 | 0 | 4 | _aمصر القديمة |
| 651 | 0 | 4 |
_aمصر القديمة _xتاريخ |
| 651 | 0 | 4 |
_aمصر القديمة _xتاريخ _yعصر ما قبل الاسرات |
| 651 | 0 | 4 |
_aمصر القديمة _xالاحوال السياسية _yعصر ما قبل الاسرات |
| 942 |
_2ddc _cBK |
||
| 999 |
_c60296 _d60296 |
||